000 00842nam a2200253 i 4500
001 bg
100 1 _aSTEPOWICZ, Witold Jerzy
245 1 0 _aZadania z elementów półprzewodnikowych /
_cWitold J. Stepowicz ; Politechnika Gdańska.
260 _aGdańsk :
_bWydaw. PG,
_c1997
_e(Gdań. :
_fPG).
300 _a88 s. :
_brys., wykr. ;
_c24 cm.
504 _aBibliogr. s. 87.
521 _aSkrypt przeznaczony dla studentów kier. Automatyka i Robotyka oraz Elektronika i Telekomunikacja.
650 9 _aPółprzewodniki
_xmateriały
650 9 _aPółprzewodniki
_xurządzenia
655 _aĆwiczenia i zadania
710 0 _aPolitechnika Gdańska
020 _a838653771X
040 _cBPK
041 0 _apl
080 _a621.382(075.8)(076)
920 _a83-86537-71-X
942 _cKS
008 s pl f |000 0 pol
999 _c37713
_d37713
856 _uhttp://koha.tu.koszalin.pl/cgi-bin/koha/opac-detail.pl?biblionumber=37713
_yKatalog online BPK